000 00651nam a22001937a 4500
005 20140609154836.0
010 _aENG-108564
020 _a9788192777108
_c295.00
035 _aEN-92097
037 _bDBAD/PUB
082 _aN
100 _aRazdan, Karan
245 _aTantra and the tantrika :
_cby Karan Razdan
_ba tale of love & sex, painful separation, karmic retribution and divine awakening /
260 _aNew Delhi
_bAtlantic Book House
_c2013
270 _aRoom No. 5, 4735/22,2nd Floor Prakash Deep Building, Ansari Road Darya Ganj
_bNew Delhi
_e110002
300 _axxvii, 220p.
_c22cm (pbk)
500 _a
942 _2ddc
_cEN
_mRAZ
_hN
999 _c79627
_d79627